S.S. Juan XXIII y el Concilio Ecuménico Vaticano II

Enregistré dans:
Détails bibliographiques
Collectivité auteur: Pastoral Colectiva del Episcopado Chileno (Auteur)
Format: Livre
Langue:espagnol
Publié: Santiago Publicaciones del Secretario General del Episcopado Chileno 1961
Sujets:
Tags: Ajouter un tag
Pas de tags, Soyez le premier à ajouter un tag!

MARC

LEADER 00000nam a2200000 a 4500
001 UCR2242
003 CL-VaPUC
008 980109e19610000CL |||||||||||||||||spa|d
082 0 4 |a 262.13  |b PAS  |2 21 
110 2 |a Pastoral Colectiva del Episcopado Chileno  |e author  |9 400073 
245 1 0 |a S.S. Juan XXIII y el Concilio Ecuménico Vaticano II 
300 |a 22 p 
942 |c BK 
945 |d 19980109 00:00:00  |a rleighto 
260 |a Santiago  |b Publicaciones del Secretario General del Episcopado Chileno  |c 1961 
600 0 |a Juan XXIII  |9 337271 
650 0 |a Concilios  |9 315984 
650 0 |a Papas  |9 258738 
583 |a last modification  |c 19980109 00:00:00  |k Rodrigo Vera 
999 |c 265499  |d 265497 
952 |0 0  |1 0  |4 0  |6 262_130000000000000_PAS_1961  |7 0  |8 A  |9 296446  |a BIBTEO  |b BIBTEO  |d 2019-11-20  |i 3384462  |o 262.13 PAS 1961  |p 3384462  |r 2025-01-17  |w 2019-11-20  |y BK  |k ICR